[Event "BL9798 (Women)"]
[Site "Germany"]
[Date "1998.??.??"]
[Round "?.3"]
[White "Stasiunaite, Lina"]
[Black "Espig, Gesine"]
[Result "1-0"]
[WhiteElo "2145"]
[BlackElo "2065"]

1.e4 c5 2.Nf3 Nc6 3.Bb5 g6 4.O-O Bg7 5.Bxc6 dxc6 6.d3 e5 7.h3 Qc7 8.Nc3 Ne7
9.Be3 b6 10.Qd2 O-O 11.Bh6 f6 12.Ne2 Be6 13.Ng3 Rad8 14.Bxg7 Kxg7 15.Qc3 Kg8
16.a4 a5 17.h4 h6 18.Qd2 Kg7 19.Qe3 Qd7 20.Rfe1 Bf7 21.Rad1 Qg4 22.Nf1 g5
23.N1h2 Qc8 24.hxg5 hxg5 25.Nxg5 fxg5 26.Qxg5+ Ng6 27.Ng4 Qe6 28.Re3 Rh8
29.Rg3 Rde8 30.Rf3 Rh4 31.Nf6 Reh8 32.Kf1 Rf4 33.Nh5+ Rxh5 34.Qxh5 Rxf3 35.Qxf3 Nf4
36.Qg3+ Kf8 37.f3 Qh6 38.Kf2 Ke7 39.c3 Bb3 40.Rd2 Nh3+ 41.Ke1 Nf4 42.d4 Qh1+
43.Kf2 Qc1 44.Qg7+ Bf7 45.Qxe5+ Ne6 46.Ke2 cxd4 47.cxd4 Kf8 48.d5 cxd5 49.exd5 Nc5
50.Qh8+ Ke7 51.d6+ Kd7 52.Qh3+ Ne6 53.Qh4 Kc6 54.Qe4+  1-0

[Event "BL2-W9798"]
[Site "Germany"]
[Date "1998.??.??"]
[Round "?.3"]
[White "Winants, Luc"]
[Black "Ziegler, Ari"]
[Result "1/2-1/2"]
[WhiteElo "2515"]
[BlackElo "2440"]

1.e4 c5 2.Nf3 Nc6 3.Bb5 g6 4.Bxc6 dxc6 5.h3 Bg7 6.d3 e5 7.a4 Qe7 8.Na3 Nf6
9.Nc4 Nd7 10.a5 f6 11.c3 O-O 12.O-O Rd8 13.Qb3 Nf8 14.Rd1 Be6 15.Be3 Rab8
16.Qa3 Nd7 17.b4 Bf8 18.Rab1 Qf7 19.Nfd2 cxb4 20.cxb4 a6 21.Qc3 Re8 22.Nf3 Rbd8
23.Ncd2 Bg7 24.Nb3 h6 25.Nfd2 f5 26.f3 g5 27.Nc4 Bxc4 28.dxc4 fxe4 29.fxe4 Qg6
30.Qc2 g4 31.hxg4 Nf6 32.Bb6 Rxd1+ 33.Rxd1 Nxg4 34.Qd3 Rf8 35.Rf1 Rxf1+  1/2-1/2

[Event "BL2-W9798"]
[Site "Germany"]
[Date "1998.??.??"]
[Round "?.3"]
[White "Cicak, Slavko"]
[Black "Hausrath, Daniel"]
[Result "1-0"]
[WhiteElo "2465"]
[BlackElo "2415"]

1.e4 c5 2.Nf3 Nc6 3.Bb5 g6 4.O-O Bg7 5.c3 Nf6 6.Re1 a6 7.Ba4 O-O 8.h3 b5
9.Bc2 e5 10.d4 d6 11.a4 Rb8 12.axb5 axb5 13.Be3 cxd4 14.cxd4 Bb7 15.Nc3 b4
16.Na4 exd4 17.Nxd4 Ne5 18.Bg5 Qd7 19.b3 h6 20.Bf4 Rfe8 21.Qd2 Kh7 22.Rad1 Ba8
23.Bh2 Red8 24.Kh1 Ne8 25.f4 Nc6 26.Nf3 Qe7 27.Bg1 Nc7 28.Qd3 Bb7 29.Qe2 Ne6
30.Be3 Nf8 31.Nb6 Nd7 32.Nd5 Qf8 33.h4 Nf6 34.Nxf6+ Bxf6 35.h5 Kg7 36.Bb6 Re8
37.Bc7 Rbc8 38.Bxd6 Qg8 39.e5 Bd8 40.Qd3 Re6 41.hxg6 fxg6 42.f5 gxf5 43.Qxf5 Ne7
44.Bxe7 Bxe7 45.Rd7 Rxc2 46.Rxb7  1-0

[Event "BL2-West 9900 (Women)"]
[Site "Germany"]
[Date "1998.??.??"]
[Round "?"]
[White "Sziva, Erika"]
[Black "Limbach, Renate"]
[Result "1-0"]
[WhiteElo "2332"]
[BlackElo "2145"]

1.e4 c5 2.Nf3 Nc6 3.Bb5 g6 4.Bxc6 bxc6 5.O-O Bg7 6.Re1 Nh6 7.c3 O-O 8.h3 e5
9.d4 cxd4 10.cxd4 exd4 11.Nxd4 Qb6 12.Nb3 f5 13.Be3 Qd8 14.Qd2 Qh4 15.Bg5 Qh5
16.Nc3 Nf7 17.Be7 Re8 18.exf5 Qxf5 19.Bc5 Rd8 20.Bd4 Ne5 21.Ne4 d6 22.Qc3 Be6
23.Ng3 Qf7 24.Qe3 Bd5 25.f4 Nc4 26.Qf2 Bh6 27.f5 Rf8 28.f6 Rae8 29.Kh2 c5
30.Bc3 Be3 31.Qf1 Bg5 32.Rxe8 Rxe8 33.Rd1 Be6 34.Qf3 Rf8 35.Ne4 Bd5 36.Nxg5 Bxf3
37.Nxf7 Rxf7 38.gxf3 Rxf6 39.Bxf6  1-0

[Event "Oberliga Ost B9798"]
[Site "Germany"]
[Date "1998.??.??"]
[Round "?.2"]
[White "Brecht, Anselm"]
[Black "Duncker, Joachim"]
[Result "1/2-1/2"]
[WhiteElo "2275"]
[BlackElo "2265"]

1.e4 c5 2.Nf3 Nc6 3.Bb5 g6 4.O-O Bg7 5.Re1 Nf6 6.Bxc6 dxc6 7.d3 Bg4 8.h3 Bxf3
9.Qxf3 Nd7 10.Nd2 Qa5 11.Qe2 b5 12.Nf3 Ne5  1/2-1/2

[Event "BL2-N9798"]
[Site "Germany"]
[Date "1998.??.??"]
[Round "5.3"]
[White "Mortensen, Erling"]
[Black "Meyer, Falko"]
[Result "1-0"]
[WhiteElo "2455"]
[BlackElo "2335"]

1.e4 c5 2.Nf3 Nc6 3.Bb5 g6 4.O-O Nf6 5.Re1 Bg7 6.c3 O-O 7.e5 Nd5 8.d4 cxd4
9.cxd4 Nc7 10.Nc3 a6 11.Ba4 b5 12.Bb3 Na5 13.d5 Nxb3 14.Qxb3 Bb7 15.Bg5 h6
16.Bh4 g5 17.Bg3 e6 18.dxe6 dxe6 19.Rad1 Qe7 20.Ne4 Bd5 21.Qe3 Bxe4 22.Qxe4 Nd5
23.h4 Rac8 24.hxg5 hxg5 25.Rd4 Bh6 26.Nh2 Rc7 27.Qg4 Kh7 28.Qh5 Rh8 29.Ng4 Kg7
30.Rxd5 exd5 31.e6 Qb4 32.Rf1 f5 33.Bxc7  1-0

[Event "Ruhr-ch Seniors 5th"]
[Site "Germany"]
[Date "1998.??.??"]
[Round "6"]
[White "Jobski, Werner"]
[Black "Knebel, Willi"]
[Result "0-1"]
[WhiteElo "1800"]
[BlackElo "1955"]

1.e4 c5 2.Nf3 Nc6 3.Bb5 d6 4.d4 cxd4 5.Nxd4 Bd7 6.O-O Nf6 7.Re1 g6 8.Bxc6 bxc6
9.e5 dxe5 10.Rxe5 Bg7 11.Qf3 O-O 12.Nc3 Ng4 13.Re4 f5 14.Rf4 e5 15.Nxc6 Bxc6
16.Qxc6 exf4 17.Bxf4 Re8 18.h3 Qd4 19.Bg3 Rac8 20.Qa6 Nf6 21.Rd1 Qb6 22.Qa3 Bf8
23.Qa4 Qxb2 24.Nd5 Nxd5 25.Rxd5 Qxc2 26.Qxa7 Ra8 27.Qb7 Qc8 28.Qb3 Qe6 29.Qb7 Rxa2
30.Rd7 Ra1+ 31.Kh2 Re7 32.Rxe7 Qxe7  0-1

[Event "BL2-N9798"]
[Site "Germany"]
[Date "1998.??.??"]
[Round "6.4"]
[White "Mortensen, Erling"]
[Black "Wenzel, Reinhard"]
[Result "0-1"]
[WhiteElo "2455"]
[BlackElo "2280"]

1.e4 c5 2.Nf3 Nc6 3.Bb5 g6 4.Bxc6 dxc6 5.d3 Bg7 6.h3 b6 7.Nc3 e5 8.Be3 f6
9.Qd2 Be6 10.O-O Qd7 11.a3 Ne7 12.b4 cxb4 13.axb4 O-O 14.Nh2 f5 15.f3 f4
16.Bf2 g5 17.Ra6 Rac8 18.Rfa1 Rc7 19.Kf1 h5 20.Qd1 Ng6 21.Ne2 g4 22.hxg4 hxg4
23.fxg4 Bf6 24.Ng1 f3 25.gxf3 Qh7 26.Bg3 Bh4 27.Qe1 Bg5 28.Ke2 c5 29.bxc5 Rxc5
30.Kd1 Rfc8 31.Rxa7 Rxc2 32.Ra8 Bb3 33.Rxc8+ Rxc8+ 34.Ke2 Rc2+ 35.Kf1 Qd7
36.Rd1 Nf4 37.Qb4 Rb2 38.Bf2 Bxd1 39.Qxb2 Qxd3+ 40.Ke1 Ng2+  0-1

[Event "BL2-O9798"]
[Site "Germany"]
[Date "1998.??.??"]
[Round "7.2"]
[White "Siepelt, Heiner"]
[Black "Hirn, Oskar"]
[Result "0-1"]
[WhiteElo "2335"]
[BlackElo "2255"]

1.e4 c5 2.Nf3 Nc6 3.Bb5 a6 4.Bxc6 bxc6 5.O-O d6 6.c3 g6 7.h3 Bg7 8.d4 cxd4
9.cxd4 Nf6 10.Nc3 O-O 11.Be3 Rb8 12.Qd2 Qa5 13.b3 Qh5 14.Nh2 c5 15.dxc5 dxc5
16.Rad1 Rb4 17.f3 c4 18.Ne2 a5 19.bxc4 Ba6 20.Nf4 Qe5 21.Nd3 Qb8 22.Nxb4 axb4
23.Rb1 Nh5 24.Rxb4 Qg3 25.Rd1 Qc7 26.Nf1 Bc8 27.Bd4 Bxd4+ 28.Qxd4 Nf4 29.Qb6 Qe5
30.Rd8 Qg5 31.Rxf8+ Kxf8 32.Qd8+ Kg7 33.Qd2 Bxh3 34.g3 Bxf1 35.Qxf4 Qc5+
36.Kxf1 Qxb4 37.Qc1 h5 38.c5 Qd4 39.c6 Qd3+  0-1

[Event "Ruhr-ch Seniors 5th"]
[Site "Germany"]
[Date "1998.??.??"]
[Round "8"]
[White "Kotzem, Ernst"]
[Black "Rosen, Willy"]
[Result "1/2-1/2"]
[WhiteElo "1975"]
[BlackElo "2220"]

1.e4 c5 2.Nf3 Nc6 3.Bb5 g6 4.O-O Bg7 5.Re1 Nf6 6.Nc3 O-O 7.e5 Ne8 8.Bxc6 dxc6
9.d3 Nc7 10.h3 Ne6 11.Ne4 h6 12.Be3 b6 13.c3 f5 14.exf6 exf6 15.Nh4 f5 16.Nxg6 Rf7
17.Qh5 fxe4 18.dxe4 Ng5 19.Rad1 Qf6 20.e5 Qf5 21.Bxg5 Be6 22.f4 hxg5 23.g4 Qc2
24.Qxg5 Kh7 25.f5 Bxf5 26.Rd2 Bh6 27.Rxc2 Bxg5 28.gxf5 Rxf5 29.h4 Kxg6 30.hxg5 Rxg5+
31.Rg2 Re8 32.Re2 Re7 33.Rd2 Rxg2+ 34.Kxg2 Kf5 35.Rd6 Kxe5 36.Rxc6 Kd5 37.Rf6 Re2+
38.Rf2 Rxf2+ 39.Kxf2 Ke4 40.Ke2 c4 41.a4 a6 42.Kd2 Kf3 43.Kd1 Ke3 44.Ke1 Kd3  1/2-1/2

[Event "BL2-O9798"]
[Site "Germany"]
[Date "1998.??.??"]
[Round "9.7"]
[White "Franz, Torsten"]
[Black "Schoenau, Werner"]
[Result "1-0"]
[WhiteElo "2230"]
[BlackElo "2250"]

1.e4 c5 2.Nf3 Nc6 3.Bb5 e6 4.O-O Nge7 5.c3 a6 6.Ba4 b5 7.Bc2 d5 8.exd5 Nxd5
9.d4 cxd4 10.Nxd4 Nxd4 11.Qxd4 Qc7 12.Nd2 Bb7 13.Nf3 O-O-O 14.Be4 f5 15.Bxd5 Rxd5
16.Bf4 Qc6 17.Qe3 g5 18.Be5 Rg8 19.Rfc1 g4 20.Ne1 Bh6 21.Bf4 Bg7 22.c4 bxc4
23.Rxc4 e5 24.Rxc6+ Bxc6 25.Rc1 Kd7 26.Qa7+ Kd6 27.Qxa6 exf4 28.Rxc6+ Ke7
29.Rc7+ Kf8 30.Qc8+ Rd8 31.Qxd8+  1-0

[Event "BL2-O9798"]
[Site "Germany"]
[Date "1998.??.??"]
[Round "9.2"]
[White "Bus, Mariusz"]
[Black "Andresen, Steffen"]
[Result "1-0"]
[WhiteElo "2390"]
[BlackElo "2335"]

1.e4 c5 2.Nf3 Nc6 3.Bb5 d6 4.O-O Bd7 5.Re1 Nf6 6.c3 a6 7.Bf1 Bg4 8.d3 g6
9.Nbd2 Bh6 10.h3 Bxf3 11.Nxf3 Bxc1 12.Rxc1 b5 13.d4 e5 14.Qd2 O-O 15.Rcd1 Kg7
16.Qg5 h6 17.Qe3 Qe7 18.Bd3 Rfe8 19.Bb1 Rac8 20.Rd2 cxd4 21.cxd4 Na5 22.b3 Rc6
23.Red1 Rec8 24.Qe2 Qc7 25.Ne1 Qb6 26.Nc2 b4 27.dxe5 dxe5 28.Ne3 Rc1 29.Nd5 Nxd5
30.exd5 Qd6 31.Bd3 R8c5 32.Bxa6 Rxd1+ 33.Rxd1 Rxd5 34.Rxd5 Qxd5 35.Qb5 Qxb5
36.Bxb5 f5 37.Kf1 Kf6 38.Ke2 e4 39.Ke3 Ke5 40.f4+ exf3 41.gxf3 g5 42.Kd3 h5
43.Be8 h4 44.Bd7 f4 45.Bc8 Kd6 46.Ke4 Nc6 47.Bb7 Nd8 48.Ba8 Ne6 49.Kf5 Nd4+
50.Kxg5 Ke5 51.Kxh4 Kf6 52.Kg4 Ne2 53.h4 Kg6 54.Bc6 Kh6 55.Be8  1-0

[Event "NRW-Liga 9798"]
[Site "Germany"]
[Date "1998.??.??"]
[Round "9.4"]
[White "Kotter, Ralf"]
[Black "Kind, Bertram"]
[Result "1-0"]
[WhiteElo "2295"]
[BlackElo "2300"]

1.e4 c5 2.Nf3 Nc6 3.Bb5 g6 4.O-O Bg7 5.Re1 Nf6 6.c3 O-O 7.e5 Nd5 8.d4 cxd4
9.cxd4 Nc7 10.Bf1 d6 11.Nbd2 dxe5 12.dxe5 Bg4 13.Qa4 Qc8 14.h3 Bf5 15.Qh4 h6
16.a3 Ne6 17.Nc4 g5 18.Qg3 Ncd4 19.Nxd4 Nxd4 20.Ne3 Bg6 21.Bd2 Nf5 22.Nxf5 Qxf5
23.Bb4 Qe6 24.b3 a5 25.Bc4 Qd7 26.e6 Qc6 27.exf7+ Bxf7 28.Rac1 Bxc4 29.Rxc4 Qd5
30.Bc3 Bxc3 31.Qxc3 Rf7 32.Rc5 Qd6 33.a4 b6 34.Rc6 Qf4 35.Re2 Rd8 36.g3 Qf5
37.Rxh6 Rd1+ 38.Kg2 Qd5+ 39.f3 Rg7 40.Qc8+ Kf7 41.Qc7 Qc5 42.Qxb6 Qxb6 43.Rxb6 Rd3
44.Rbe6 Kf8 45.R6e3 Rd7 46.Re5 Rd3 47.Rxa5 Rxb3 48.Rf5+ Ke8 49.Ra2 Kd7 50.a5 e6
51.Rf8 Kc6 52.a6 Ra7 53.Rc8+ Kd6 54.Rg8 Rb5 55.g4 Re5 56.Kg3 Kc6 57.Ra3 Kd6
58.h4 gxh4+ 59.Kxh4 Re1 60.Kg5 Rh1 61.Rd8+ Kc7 62.Rad3 Rh7 63.R8d6 e5 64.Kg6 Re7
65.Kf6 e4 66.Kxe7 exd3 67.Rxd3 Rxa6 68.Rc3+ Kb6 69.g5  1-0

[Event "Gyongyos Matra Kupa"]
[Site "Gyongyos"]
[Date "1998.??.??"]
[Round "3"]
[White "Vujosevic, Vladimir"]
[Black "Szabo, Zsolt Jozsef"]
[Result "1/2-1/2"]
[WhiteElo "2370"]
[BlackElo "2430"]

1.e4 c5 2.Nf3 Nc6 3.Bb5 g6 4.O-O Bg7 5.c3 a6 6.Bxc6 dxc6 7.h3 Nf6 8.Re1 O-O
9.d4 cxd4 10.cxd4 c5 11.e5 Nd7 12.d5 b5 13.Nc3 Bb7 14.e6 b4 15.Na4 Nb6 16.exf7+ Rxf7
17.Nxc5 Bxd5 18.Ng5 Rf5 19.Nce6 Bxe6 20.Qxd8+ Rxd8 21.Nxe6 Rd7 22.Nxg7 Kxg7
23.Be3 Nc4 24.Rad1 Rxd1 25.Rxd1 Nxe3 26.fxe3 Rc5 27.Rd7 Kf6 28.Ra7 a5 29.Kf2  1/2-1/2

[Event "Gyongyos Matra Kupa"]
[Site "Gyongyos"]
[Date "1998.??.??"]
[Round "4"]
[White "Eberth, Zoltan"]
[Black "Foldi, Istvan"]
[Result "1/2-1/2"]
[WhiteElo "2230"]
[BlackElo "2390"]

1.e4 c5 2.Nf3 Nc6 3.Bb5 e6 4.O-O Nge7 5.Re1 a6 6.Bf1 g6 7.c3 Bg7 8.d4 cxd4
9.cxd4 d5 10.e5 Nf5 11.Nc3 O-O 12.Na4 f6 13.b3 fxe5 14.dxe5 b5 15.Nc5 Qb6
16.Ba3 b4 17.Na4 Qa7 18.Bb2 Nh4 19.Rc1 Nxf3+ 20.gxf3 Bd7 21.Nc5 Rf5 22.Bh3 Rg5+
23.Kh1 Re8 24.f4 Rh5 25.Bg2 Bh6 26.Bxd5 Bxf4 27.Bf3 Rxh2+ 28.Kg1 Bxc1 29.Qxd7 Qxd7
30.Nxd7 Bxb2 31.Bxc6 Rc8 32.Nf6+ Kf7 33.Bd7 Rc5 34.Ne4 Rc7 35.Ng5+ Ke7 36.Kxh2 Rxd7
37.Re2 Bc1 38.Nxh7 Rd4 39.Kg3 g5 40.Kf3 Bf4 41.Re4 Rd3+ 42.Kg4 Rd2 43.Rxb4 Rxa2
44.Rb7+ Kd8 45.Nf8 Bxe5 46.Nxe6+ Ke8 47.f3 Bf6 48.Kf5 Be7 49.Nc7+ Kd8 50.Nd5 Bd6
51.Ke6 Bg3 52.Rd7+ Kc8 53.Ne7+ Kb8 54.Kf5 Bf4 55.Rd3 Kb7 56.Nd5 Bc1 57.Rc3 Ra5
58.Ke4 Bd2 59.Rc7+ Kb8 60.Rc2 Be1 61.Kd4 Rb5 62.Kc4 Kb7 63.Rg2 Bh4 64.Ra2 Bg3
65.Rg2 Bh4 66.Re2 Bg3 67.Re7+ Kc6 68.Re6+ Bd6 69.Nf6 Re5 70.Rxe5 Bxe5 71.Ne4 Bf4
72.b4 Bc1 73.Nc5 Kb6  1/2-1/2

[Event "Gyongyos Matra Kupa"]
[Site "Gyongyos"]
[Date "1998.??.??"]
[Round "4"]
[White "Paal, Attila"]
[Black "Szekeres, Sandor"]
[Result "0-1"]
[WhiteElo "2125"]
[BlackElo "2225"]

1.e4 c5 2.Nf3 Nc6 3.Bb5 e6 4.O-O Nge7 5.Nc3 a6 6.Bxc6 Nxc6 7.d4 cxd4 8.Nxd4 Qc7
9.Re1 b5 10.Bg5 Bb7 11.Nd5 Qb8 12.Nb6 Qe5 13.Nf3 Qc7 14.Nxa8 Bxa8 15.Qd2 Bb4
16.c3 Bc5 17.Be3 Be7 18.Rad1 d6 19.Qe2 Ne5 20.Bc1 O-O 21.Ng5 h6 22.Nh3 Nc4
23.b3 Ne5 24.f4 Ng6 25.Bb2 d5 26.f5 exf5 27.exf5 Bc5+ 28.Kh1 Nh4 29.Qg4 Nxg2
30.Kxg2 d4+ 31.Kf1 Qxh2 32.cxd4 h5 33.Qg1 Qxh3+ 34.Ke2 Qf3+ 35.Kd2 Bb4+ 36.Kc1 Bxe1
37.Rxe1 Qd3 38.Ba3 Rc8+ 39.Bc5 Be4 40.Kb2 Qc2+ 41.Ka1 Qc3+  0-1

[Event "NZD-ch105"]
[Site "Hamilton"]
[Date "1998.??.??"]
[Round "8.2"]
[White "Kulashko, Aleksei"]
[Black "Wastney, Scott"]
[Result "1-0"]
[WhiteElo "2390"]
[BlackElo "2135"]

1.e4 c5 2.Nf3 Nc6 3.Bb5 e6 4.O-O Nge7 5.Nc3 Nd4 6.b4 a6 7.Be2 Nec6 8.bxc5 Bxc5
9.Na4 Ba7 10.Nxd4 Nxd4 11.Bh5 g6 12.Be2 b5 13.Nb2 Bb7 14.c3 Nxe2+ 15.Qxe2 d5
16.d4 dxe4 17.Bh6 Qh4 18.Qe3 Rg8 19.Bg5 Qh5 20.a4 h6 21.Bf4 g5 22.Be5 f5
23.c4 f4 24.Qa3 f3 25.Nd1 fxg2 26.Re1 Rd8 27.axb5 Bxd4 28.Bxd4 Rxd4 29.bxa6 Ba8
30.Qc5 Rd3 31.Qa7 Rd8 32.Ne3 Qf7 33.Qb6 Qe7 34.Rad1 Kf7 35.Ng4 Kg7 36.Qb2+ Kg6
37.Ne5+ Kh5 38.Rxd8 Qxd8 39.h3 g4 40.hxg4+ Rxg4 41.Qe2  1-0

[Event "Capablanca mem Masters II"]
[Site "Havana"]
[Date "1998.??.??"]
[Round "3"]
[White "Pina, Sulennis"]
[Black "De Armas, Asela"]
[Result "1-0"]
[WhiteElo "2185"]
[BlackElo "2155"]

1.e4 c5 2.Nf3 Nc6 3.Bb5 a6 4.Bxc6 dxc6 5.O-O Bg4 6.d3 Nf6 7.Nc3 Qc7 8.Be3 e6
9.h3 Bh5 10.a4 b6 11.g4 Bg6 12.Nh4 Be7 13.f4 Nxe4 14.dxe4 Bxh4 15.Qf3 f6
16.a5 O-O 17.Na4 b5 18.Nxc5 Bf7 19.Rfd1 Rfd8 20.b4 f5 21.Rxd8+ Qxd8 22.Rd1 Qe8
23.e5 Be7 24.Nd3 fxg4 25.hxg4 Bg6 26.Bc5 Bxd3 27.Rxd3 Bxc5+ 28.bxc5 Rc8 29.Rd6 Qg6
30.f5 Qg5 31.Kg2 h5 32.Rxe6 hxg4 33.Qd3 Rf8 34.f6 gxf6 35.exf6 Qd5+ 36.Qxd5 cxd5
37.Rxa6 Rc8 38.c6 Kf7 39.Rb6 Kxf6 40.a6 Ke7 41.a7  1-0

[Event "Capablanca mem Masters II"]
[Site "Havana"]
[Date "1998.??.??"]
[Round "3"]
[White "Arribas, Maritza"]
[Black "Hernandez, Tania"]
[Result "1/2-1/2"]
[WhiteElo "2305"]
[BlackElo "2175"]

1.e4 c5 2.Nf3 Nc6 3.Bb5 g6 4.O-O Bg7 5.d3 e5 6.Nc3 Nge7 7.Bg5 O-O 8.Nd5 f6
9.Nxe7+ Nxe7 10.Be3 b6 11.c3 Bb7 12.Re1 d5 13.exd5 Nxd5 14.Qd2 Nxe3 15.Qxe3 Kh8
16.Ba4 Qd6 17.Rad1 Rad8 18.a3 a6 19.Bb3 h6 20.h4 Rde8 21.h5 f5 22.Nh4 f4
23.Qh3 gxh5 24.Nf3 Qg6 25.Nh4 Qg5 26.Nf3 Qg4 27.Nd2 Qxh3  1/2-1/2

[Event "Capablanca mem Masters II"]
[Site "Havana"]
[Date "1998.??.??"]
[Round "7"]
[White "Arribas, Maritza"]
[Black "Andonovski, Ljubisa"]
[Result "1/2-1/2"]
[WhiteElo "2305"]
[BlackElo "2395"]

1.e4 c5 2.Nf3 Nc6 3.Bb5 e6 4.O-O Nge7 5.c3 a6 6.Ba4 b5 7.Bc2 d5 8.d4 dxe4
9.Bxe4 Nd5 10.c4 bxc4 11.Nc3 Ncb4 12.Re1 Be7 13.dxc5 O-O 14.a3 Nxc3 15.bxc3 Nd5
16.c6 Bf6 17.Bxd5 exd5 18.Nd4 Qd6 19.h3 Rb8 20.Be3 Bxd4 21.Bxd4 Qxc6 22.Qh5 Qg6
23.Qh4 f6 24.Re3 Rb1+ 25.Rxb1 Qxb1+ 26.Kh2 Bf5 27.Re7 Qb8+ 28.Qg3 Qxg3+ 29.Kxg3  1/2-1/2

[Event "Capablanca mem Masters II"]
[Site "Havana"]
[Date "1998.??.??"]
[Round "9"]
[White "Pina, Sulennis"]
[Black "Elissalt Cardenas, Hector"]
[Result "0-1"]
[WhiteElo "2185"]
[BlackElo "2405"]

1.e4 c5 2.Nf3 Nc6 3.Bb5 g6 4.O-O Bg7 5.Re1 Nf6 6.e5 Nd5 7.Nc3 Nc7 8.Bxc6 dxc6
9.Ne4 Ne6 10.d3 O-O 11.Be3 b6 12.Qd2 a5 13.Bh6 Ra7 14.h3 f5 15.exf6 exf6
16.Bxg7 Rxg7 17.Qc3 g5 18.Ng3 Nf4 19.Re4 Qd5 20.Rae1 Rgf7 21.Qb3 b5 22.Qxd5 cxd5
23.Re7 Bd7 24.Nd2 a4 25.Kf1 b4 26.R1e3 Ra8 27.Ne2 a3 28.Rxf7 Kxf7 29.b3 Ne6
30.f4 gxf4 31.Rf3 Re8 32.Rf2 Bc6 33.Nb1 c4 34.dxc4 dxc4 35.Nd2 c3 36.Nc4 Rd8
37.Nxf4 Bb5 38.Nd3 Bxc4 39.bxc4 b3  0-1

[Event "Saitek US Masters"]
[Site "Hawaii"]
[Date "1998.??.??"]
[Round "2"]
[White "Antonio, Rogelio Jr"]
[Black "Whitehead, Jay E"]
[Result "1/2-1/2"]
[WhiteElo "2540"]
[BlackElo "2410"]

1.e4 c5 2.Nf3 Nc6 3.Bb5 e6 4.O-O Nge7 5.b3 Nd4 6.Nxd4 cxd4 7.Bb2 a6 8.Be2 Nc6
9.d3 Bc5 10.f4 d5 11.Bf3 dxe4 12.Bxe4 Ne7 13.Nd2 Nd5 14.Bxd5 Qxd5 15.Qf3 O-O
16.Qxd5 exd5 17.Nf3 Bg4 18.Bxd4 Rac8 19.Bxc5 Bxf3 20.Bd4 Be2 21.Rfc1 Rc6
22.Kf2 Re8 23.h3 b5 24.b4 f6 25.f5 g6 26.g4 h5 27.Kg3 hxg4 28.hxg4 gxf5 29.gxf5 Kf7
30.Bc5 Rg8+ 31.Kf4 Rcc8 32.Rg1 Rxg1 33.Rxg1 Rg8 34.Re1 Rg2 35.a3 Kg7 36.Bd4 Kf7
37.Rh1 Kg7 38.Rh3 Bd1 39.c3 Rg4+ 40.Ke3 Rg5 41.Rh1 Bh5 42.Rf1 Kf7 43.Rf2  1/2-1/2

[Event "Saitek US Masters"]
[Site "Hawaii"]
[Date "1998.??.??"]
[Round "3"]
[White "Garbett, Paul Anthony"]
[Black "Kaugars, Agnis"]
[Result "1-0"]
[WhiteElo "2360"]
[BlackElo "2175"]

1.e4 c5 2.Nf3 Nc6 3.Bb5 g6 4.Bxc6 dxc6 5.Nc3 Bg7 6.d3 e5 7.Be3 Qe7 8.Qd2 h6
9.Na4 b6 10.Qc3 Qc7 11.Bf4 f6 12.Be3 h5 13.Nh4 Kf7 14.O-O-O Bh6 15.Bxh6 Nxh6
16.h3 Be6 17.Rdf1 g5 18.Nf3 Raf8 19.h4 g4 20.Nd2 Ke7 21.b3 Qd6 22.Re1 Qd4
23.Re3 Kd6 24.Qb2 Qxb2+ 25.Nxb2 b5 26.Nf1 Ng8 27.Ng3 Ne7 28.c3 Bf7 29.Rd1 Ke6
30.d4 cxd4 31.cxd4 exd4 32.Rxd4 c5 33.Rd2 Rd8 34.Rc2 Rc8 35.Rec3 c4 36.bxc4 b4
37.Rd3 Rhd8 38.Rcd2 Rxd3 39.Rxd3 Bg6 40.Kd2 Nc6 41.Ke3 Ne7 42.Ne2 Be8 43.Nf4+ Ke5
44.Rd4 f5 45.Nbd3+ Kf6 46.e5+ Kg7 47.Nxb4 a5 48.Nbd3 Nc6 49.Rd6 Nb4 50.Nxb4 axb4
51.Kd4 Ra8 52.Rb6 Rxa2 53.Nd3 f4 54.Rb7+ Kf8 55.Rxb4 g3 56.fxg3 fxg3 57.Rb2 Rxb2
58.Nxb2 Bc6 59.Ke3 Bxg2 60.Kf4 Bf1 61.Kxg3 Ke7 62.Kf2 Bh3 63.Nd3 Be6 64.c5 Bd7
65.Nf4 Be8 66.Ke3 Kd7 67.Kd4 Kc6 68.e6 Kb7 69.Nd5 Kc6 70.Nf6  1-0

[Event "Helsinki-ch"]
[Site "Helsinki"]
[Date "1998.??.??"]
[Round "6"]
[White "Kytoniemi, Jyrki"]
[Black "Agopov, Mikael"]
[Result "0-1"]
[WhiteElo "2240"]
[BlackElo "2330"]

1.e4 c5 2.Nf3 Nc6 3.Bb5 e6 4.Bxc6 bxc6 5.O-O f6 6.c3 Nh6 7.d3 Nf7 8.c4 Be7
9.Nc3 O-O 10.b3 e5 11.h3 d6 12.Nh2 f5 13.exf5 Bxf5 14.Ne4 Ng5 15.Nxg5 Bxg5
16.Bxg5 Qxg5 17.Qf3 Rac8 18.Rad1 Be6 19.Qg3 Qxg3 20.fxg3 Rxf1+ 21.Nxf1 Kf7
22.Nd2 Bf5 23.Ne4 Ke7 24.g4 Bg6 25.Kf2 a5 26.Nc3 Ke6 27.Na4 Rf8+ 28.Ke3 Rf4
29.g3 Rf7 30.Rc1 Rf8 31.Rg1 h6 32.Rd1 Rf7 33.Rg1 Kd7 34.Nb6+ Ke7 35.Na4 Rf8
36.Nc3 Kd7 37.Na4 e4 38.dxe4 Re8 39.Nc3 Bxe4 40.Nxe4 d5 41.Rf1 Rxe4+ 42.Kd3 Ke7
43.Rf5 g6 44.Rf1 a4 45.Rf4 axb3 46.axb3 Re1 47.h4 Rd1+ 48.Kc2 Rg1 49.Rf3 Ke6
50.g5 Rg2+ 51.Kd3 hxg5 52.hxg5 Ke5 53.cxd5 cxd5 54.Kc3 d4+ 55.Kc4 Rc2+ 56.Kb5 Rc3
57.Rf8 Ke4 58.Re8+ Kd3 59.Re6 Kc2 60.Rxg6 d3 61.Rd6 d2 62.g6 Rxb3+ 63.Kxc5 Rxg3  0-1

[Event "Hlohovec op"]
[Site "Hlohovec"]
[Date "1998.??.??"]
[Round "5"]
[White "Solodovnichenko, Yuri"]
[Black "Manik, Mikulas"]
[Result "1/2-1/2"]
[WhiteElo "2385"]
[BlackElo "2460"]

1.e4 c5 2.Nf3 Nc6 3.Bb5 g6 4.Bxc6 bxc6 5.O-O Bg7 6.c3 Ba6 7.Re1 Nf6 8.d4 cxd4
9.cxd4 d5 10.e5 Ne4 11.Nbd2 Nxd2 12.Bxd2 Qb6 13.b3 O-O 14.Rc1 Bc8 15.Rc5 Bg4
16.h3 Bxf3 17.Qxf3 f6 18.Qc3 fxe5 19.dxe5 Rac8 20.Rc1 Rc7 21.Be3 Rfc8 22.Bd4 e6
23.Ra5 Qb8 24.Qe3 a6 25.Bc5 Rf7 26.Bd6 Qb7 27.Qe2 Qb6 28.Rxa6 Rxf2 29.Rxb6 Rxe2
30.Rcxc6 Rxc6 31.Rxc6 Rxa2 32.Rc8+ Kf7 33.Rc7+ Kg8 34.Rc8+  1/2-1/2

[Event "Hollabrunn opJ"]
[Site "Hollabrunn"]
[Date "1998.??.??"]
[Round "4"]
[White "Solodovnichenko, Yuri"]
[Black "Gouliev, Sarkhan"]
[Result "1-0"]
[WhiteElo "2415"]
[BlackElo "2230"]

1.e4 c5 2.Nf3 Nc6 3.Bb5 g6 4.Bxc6 dxc6 5.d3 Bg7 6.Nc3 Nf6 7.Be3 b6 8.h3 O-O
9.Qd2 Nd7 10.Bh6 b5 11.O-O-O Qc7 12.h4 Ne5 13.Bxg7 Kxg7 14.h5 Ng4 15.Rh4 h6
16.hxg6 fxg6 17.Ne2 Qd6 18.e5 Qe6 19.Kb1 h5 20.Ng3 Rh8 21.Re1 Bd7 22.Qe3 Be8
23.Ng5 Qd5 24.f3 b4 25.Qxc5 Qxc5 26.Ne6+ Kg8 27.Nxc5 g5 28.Rhh1 Nh6 29.Ne6 Nf7
30.Nf5 Nh6 31.Nxh6+ Rxh6 32.Nxg5 Rb8 33.f4 Rb5 34.Rh4 Ra5 35.Reh1 c5 36.g4 Rha6
37.a3 bxa3 38.b3 Bc6 39.R1h2 a2+ 40.Ka1 Bd5 41.Rxh5  1-0

[Event "HUN-chT29899"]
[Site "HUN"]
[Date "1998.??.??"]
[Round "?"]
[White "Mullner, Imre"]
[Black "Ladanyi, Tibor"]
[Result "1-0"]
[WhiteElo "2230"]
[BlackElo "2215"]

1.e4 c5 2.Nf3 Nc6 3.Bb5 Qb6 4.Ba4 g6 5.O-O Bg7 6.c3 e6 7.Na3 Nge7 8.d3 O-O
9.Bf4 a6 10.Bd6 Re8 11.Nc4 Qa7 12.Bxc6 dxc6 13.Qd2 Bd7 14.Qg5 f6 15.Qxc5 Qxc5
16.Bxc5 Nc8 17.e5 f5 18.b4 h6 19.h4 Bf8 20.d4 Rb8 21.Nb6 Nxb6 22.Bxb6 Be7
23.g3 Bd8 24.Bxd8 Rexd8 25.Nd2 Kf7 26.Nc4 Ke7 27.Nd6 Rh8 28.Kg2 g5 29.hxg5 hxg5
30.Rh1 c5 31.Rxh8 Bc6+ 32.Kf1 Rxh8 33.Ke2 cxd4 34.cxd4 g4 35.Ke3 Rh2 36.a4 Rh8
37.b5 axb5 38.axb5 Bd5 39.Ra7 Rb8 40.Kd2 Kd7 41.Kc3 Kc7 42.Kb4 Rh8 43.Ra1 Rh2
44.Rc1+ Kd7 45.b6 Rxf2 46.Rc7+ Kd8 47.Nxb7+ Bxb7 48.Rxb7 Rg2 49.Rg7 Kc8 50.d5 Re2
51.Kc5 exd5 52.Kxd5 Rb2 53.Kc6 Rc2+ 54.Kd6 Rb2 55.Ke6 Rf2 56.Rf7 f4 57.gxf4 g3
58.f5 g2 59.Rg7 Rb2 60.b7+ Kb8 61.f6  1-0

[Event "HUN-chT29899"]
[Site "HUN"]
[Date "1998.??.??"]
[Round "?"]
[White "Pasztorcsik, Janos"]
[Black "Hogye, Imre"]
[Result "1/2-1/2"]
[WhiteElo "2045"]
[BlackElo "2220"]

1.e4 c5 2.Nf3 Nc6 3.Bb5 a6 4.Bxc6 dxc6 5.d3 g6 6.O-O Bg7 7.h3 e5 8.Be3 Qd6
9.Qd2 b6 10.a4 a5 11.Na3 Ba6 12.Qc3 Ne7 13.Nd2 O-O 14.Ndc4 Qc7 15.Qb3 Rab8
16.f4 b5 17.axb5 cxb5 18.Nxe5 Bxe5 19.fxe5 Qxe5 20.c3 Rb7 21.Bf4  1/2-1/2

[Event "HUN-chT9899"]
[Site "HUN"]
[Date "1998.??.??"]
[Round "?"]
[White "Wells, Peter K"]
[Black "Kiss, Pal"]
[Result "1/2-1/2"]
[WhiteElo "2530"]
[BlackElo "2440"]

1.e4 c5 2.Nf3 Nc6 3.Bb5 g6 4.Bxc6 dxc6 5.d3 Bg7 6.h3 b6 7.Nc3 e5 8.Be3 f6
9.Qd2 Be6 10.Nh2 g5 11.h4 h6 12.O-O-O Ne7 13.g3 Ng6 14.h5 Ne7 15.f4 Qd7 16.Kb1 O-O-O
17.f5 Bf7 18.Qe2 Qe8 19.Nf1 Kb8 20.Nd2 Nc8 21.Na4 Nd6  1/2-1/2

[Event "HUN-chT9899"]
[Site "HUN"]
[Date "1998.??.??"]
[Round "?"]
[White "Wells, Peter K"]
[Black "Tomcsanyi, Peter"]
[Result "1-0"]
[WhiteElo "2515"]
[BlackElo "2300"]

1.e4 c5 2.Nf3 Nc6 3.Bb5 d6 4.O-O Bd7 5.Re1 Nf6 6.c3 a6 7.Bf1 Bg4 8.d3 e6
9.Nbd2 Be7 10.h3 Bh5 11.g4 Bg6 12.Nh4 Nd7 13.Ng2 e5 14.Ne3 Bg5 15.Ndc4 Bxe3
16.Bxe3 Qe7 17.Bd2 h5 18.Bg2 f6 19.Ne3 Bf7 20.d4 O-O-O 21.d5 Na7 22.b4 g6
23.Nc4 hxg4 24.hxg4 cxb4 25.cxb4 Nb5 26.a4 Nd4 27.Be3 Kb8 28.b5 Rc8 29.Rc1 axb5
30.axb5 Nc5 31.Bxd4 exd4 32.Ra1 Be8 33.Qxd4 Bxb5 34.Nb6 Qh7 35.Ra8+ Kc7 36.Rxc8+ Rxc8
37.Nxc8 Kxc8 38.Qxf6 Nd3 39.Rb1 Qd7 40.Qh8+ Kc7 41.Qc3+  1-0